Statistics for European Countries Without White In Their Flag

Click here to take the quiz!

General Stats

  • This quiz has been taken 76 times
  • The average score is 9 of 11

Answer Stats

Answer% Correct
Germany
97%
Sweden
97%
Belgium
96%
Ukraine
94%
Lithuania
87%
Liechtenstein
81%
Moldova
81%
Albania
80%
Romania
78%
Macedonia
77%
Montenegro
77%

Score Distribution

Percentile by Number Answered

Percent of People with Each Score

Your Score History

You have not taken this quiz